| 000 | 00675nam a2200181 a 4500 | ||
|---|---|---|---|
| 001 | 000045090 | ||
| 005 | 20201002045853.0 | ||
| 008 | 150202s2000 dr a 000 j spa d | ||
| 020 | _a9993432075 | ||
| 040 |
_aDO-SdBNP _bspa _cBNPHU |
||
| 041 | 1 | 7 |
_aspa _bfra |
| 245 | 0 | 0 |
_aCarine salvada de petróleo : _bCarine sauvée du pétrole / _cpresentación Marc FAYE. |
| 260 |
_aSanto Domingo : _bCole _bLiceo Francés de Santo Domingo, _c2000. |
||
| 300 |
_a19 p. , 19 p. : _bil. ; _c28 cm. |
||
| 500 | _aLibro para alumnos del maternal del Liceo Francés de Santo Domingo | ||
| 500 | _aDos obras encuadernadas juntas con paginación invertida. | ||
| 700 | 1 |
_aFAYE, Marc _epres. _973108 |
|
| 999 |
_c44579 _d44579 |
||